| 000 | 00385nam a2200169Ia 4500 | ||
|---|---|---|---|
| 008 | 221030s9999 xx 000 0 und d | ||
| 020 | _a8176564842 | ||
| 041 | _aEnglish | ||
| 082 |
_a105.23 _bJai |
||
| 100 | _aM. Jain | ||
| 245 | 0 | _aData Communication & Networking | |
| 260 |
_bBPB Pub _aNew Delhi _c2002 |
||
| 300 | _a442 | ||
| 650 | _aCOMPUTERS | ||
| 700 | _aS. Jain | ||
| 942 | _cBK | ||
| 999 |
_c307 _d307 |
||